Sports Quiz

Random Sports or Football Quiz

Football Hall of Fame Inductees Quiz Stats

 Plays Quiz not verified by Sporcle

Score 0/175 Timer 16:00
0 Plays Today
Year Inducted player % Correct
1989Terry Bradshaw
92.7%
1994Jackie Smith
92.7%
2005Steve Young
92.7%
2009Bruce Smith
92.7%
2010Jerry Rice
92.7%
2010Emmitt Smith
92.7%
1994Randy White
90.9%
2000Joe Montana
90.9%
2006Reggie White
90.9%
1976Jim Taylor
87.3%
1984Charley Taylor
87.3%
1999Lawrence Taylor
87.3%
1971Jim Brown
85.5%
1977Bart Starr
85.5%
2005Dan Marino
85.5%
2008Darrell Green
85.5%
1975Rosey Brown
83.6%
1984Willie Brown
83.6%
2004Bob Brown
83.6%
2004Barry Sanders
83.6%
2006Troy Aikman
83.6%
2007Charlie Sanders
83.6%
1979Johnny Unitas
81.8%
1985Joe Namath
81.8%
1986Fran Tarkenton
80%
2001Lynn Swann
80%
1990Franco Harris
78.2%
2004John Elway
78.2%
1980Deacon Jones
76.4%
1991Stan Jones
76.4%
1993Walter Payton
76.4%
1993Dan Fouts
74.5%
2007Thurman Thomas
74.5%
2008Emmitt Thomas
74.5%
2009Derrick Thomas
74.5%
2002Jim Kelly
72.7%
2006Warren Moon
72.7%
1987Joe Greene
70.9%
1990Bob Griese
70.9%
1994Leroy Kelly
70.9%
1977Gale Sayers
69.1%
1987John Henry Johnson
69.1%
1988Jack Ham
69.1%
1994Jimmy Johnson
69.1%
1979Dick Butkus
67.3%
1985Roger Staubach
67.3%
2007Michael Irvin
67.3%
1987Larry Csonka
65.5%
1999Eric Dickerson
65.5%
1985O.J. Simpson
63.6%
1987Len Dawson
63.6%
1990Jack Lambert
63.6%
1995Kellen Winslow
63.6%
2002John Stallworth
63.6%
2003Marcus Allen
63.6%
2010Rickey Jackson
63.6%
1981George Blanda
61.8%
1991Earl Campbell
61.8%
2008Art Monk
60%
Year Inducted player % Correct
1992John Riggins
58.2%
1995Steve Largent
58.2%
1988Fred Biletnikoff
56.4%
1989Willie Wood
56.4%
1994Tony Dorsett
56.4%
2000Ronnie Lott
56.4%
1971Y.A. Tittle
54.5%
1983Sonny Jurgensen
54.5%
1988Mike Ditka
54.5%
1988Alan Page
54.5%
1998Mike Singletary
54.5%
1981Willie Davis
50.9%
1986Paul Hornung
50.9%
1997Mike Webster
50.9%
2009Rod Woodson
50.9%
2010Floyd Little
50.9%
1993Larry Little
49.1%
2007Bruce Matthews
49.1%
1973Raymond Berry
47.3%
1978Larry Wilson
47.3%
1998Anthony Munoz
47.3%
2009Bob Hayes
47.3%
1987Gene Upshaw
45.5%
1989Mel Blount
45.5%
1991John Hannah
45.5%
1971Norm Van Brocklin
43.6%
1977Frank Gifford
43.6%
1987Don Maynard
43.6%
1999Tom Mack
43.6%
2006Harry Carson
43.6%
1982Merlin Olsen
41.8%
2001Jack Youngblood
41.8%
2010Russ Grimm
41.8%
1978Lance Alworth
40%
2000Howie Long
40%
2010Dick LeBeau
40%
1974Dick 'Night Train' Lane
38.2%
1977Forrest Gregg
38.2%
1991Jan Stenerud
38.2%
1999Ozzie Newsome
38.2%
2010John Randle
38.2%
1983Paul Warfield
36.4%
1989Art Shell
36.4%
1996Charlie Joiner
36.4%
1974Lou Groza
34.5%
1983Bobby Bell
34.5%
1990Ted Hendricks
34.5%
2004Carl Eller
34.5%
2008Gary Zimmerman
34.5%
1978Ray Nitschke
32.7%
1992John Mackey
32.7%
1997Mike Haynes
32.7%
2008Andre Tippett
32.7%
1980Jim Otto
30.9%
1982Sam Huff
30.9%
2002Dave Casper
30.9%
2003James Lofton
30.9%
1975Lenny Moore
29.1%
1980Bob Lilly
29.1%
Year Inducted player % Correct
1986Doak Walker
29.1%
1995Lee Roy Selmon
29.1%
2002Dan Hampton
29.1%
2009Randall McDaniel
29.1%
1974Bill George
27.3%
1990Buck Buchanan
27.3%
2001Ron Yary
27.3%
1996Dan Dierdorf
25.5%
1998Paul Krause
25.5%
1998Dwight Stephenson
25.5%
2001Mike Munchak
25.5%
2008Fred Dean
25.5%
1980Herb Adderley
23.6%
1983Bobby Mitchell
23.6%
1992Lem Barney
23.6%
1996Mel Renfro
23.6%
1998Tommy McDonald
23.6%
1972Clarence Parker
21.8%
1973Jim Parker
21.8%
1979Ron Mix
21.8%
1986Willie Lanier
21.8%
2003Elvin Bethea
21.8%
2006Rayfield Wright
21.8%
1972Gino Marchetti
20%
1995Henry Jordan
20%
2007Roger Wehrli
20%
1981Jim Ringo
18.2%
1986Ken Houston
18.2%
1999Billy Shaw
18.2%
2007Gene Hickerson
18.2%
1973Joe Schmidt
16.4%
2001Nick Buoniconti
16.4%
2005Benny Friedman
16.4%
1979Yale Lary
14.5%
2000Dave Wilcox
14.5%
1972Ollie Matson
12.7%
1987Jim Langer
12.7%
1990Bob St. Clair
12.7%
2001Jackie Slater
12.7%
2003Joe DeLamielleure
10.9%
1971Andy Robustelli
9.1%
1978Alphonse 'Tuffy' Leemans
9.1%
1982Doug Atkins
9.1%
2005Fritz Pollard
9.1%
1975Dante Lavelli
7.3%
1976Len Ford
7.3%
1985Frank Gatski
7.3%
1996Lou Creekmur
7.3%
1974Tony Canadeo
5.5%
1984Arnie Weinmeister
5.5%
1971Bill Hewitt
3.6%
1971Frank Kinard
3.6%
1975George Connor
3.6%
1981Red Badgro
3.6%
1984Mike McCormack
3.6%
1977Bill Willis
1.8%
1982George Musso
1.8%

You're not logged in!

Compare scores with friends on all Sporcle quizzes.
OR
Log In

You Might Also Like...

Show Comments

Extras

Top Quizzes Today


Score Distribution

Your Account Isn't Verified!

In order to create a playlist on Sporcle, you need to verify the email address you used during registration. Go to your Sporcle Settings to finish the process.

Report this User

Report this user for behavior that violates our Community Guidelines.

Details: